Introducing physical geography / (Record no. 3823)

MARC details
000 -LEADER
fixed length control field 01264cam a2200301 a 4500
001 - CONTROL NUMBER
control field 13625546
003 - CONTROL NUMBER IDENTIFIER
control field 20170113113336.0
005 - DATE AND TIME OF LATEST TRANSACTION
control field 20240606080922.0
008 - FIXED-LENGTH DATA ELEMENTS--GENERAL INFORMATION
fixed length control field 040616s2005 njua b 001 0 eng
010 ## - LIBRARY OF CONGRESS CONTROL NUMBER
LC control number 2004555151
020 ## - INTERNATIONAL STANDARD BOOK NUMBER
International Standard Book Number 0471669695
040 ## - CATALOGING SOURCE
Original cataloging agency DLC
Transcribing agency DLC
Modifying agency DLC
050 00 - LIBRARY OF CONGRESS CALL NUMBER
Classification number GB54.5
Item number .S77 2005
082 00 - DEWEY DECIMAL CLASSIFICATION NUMBER
Classification number 550
Edition information 22
100 1# - MAIN ENTRY--PERSONAL NAME
Personal name Strahler, Alan H.
245 10 - TITLE STATEMENT
Title Introducing physical geography /
250 ## - EDITION STATEMENT
Edition statement 3rd ed., Media version.
260 ## - PUBLICATION, DISTRIBUTION, ETC.
Place of publication, distribution, etc. Hoboken, N.J. :
Name of publisher, distributor, etc. J. Wiley,
Date of publication, distribution, etc. c2005.
300 ## - PHYSICAL DESCRIPTION
Extent xxv, 684 p. :
Other physical details ill. (chiefly col.), maps (chiefly col.) ;
Dimensions 28 cm. +
Accompanying material 1 CD-ROM (4 3/4 in.)
500 ## - GENERAL NOTE
General note Includes index.
650 #0 - SUBJECT ADDED ENTRY--TOPICAL TERM
Topical term or geographic name entry element Physical geography.
700 1# - ADDED ENTRY--PERSONAL NAME
Personal name Strahler, Arthur Newell,
Dates associated with a name 1918-
856 41 - ELECTRONIC LOCATION AND ACCESS
Materials specified Table of contents only
Uniform Resource Identifier <a href="http://www.loc.gov/catdir/toc/wiley041/2004555151.html">http://www.loc.gov/catdir/toc/wiley041/2004555151.html</a>
856 42 - ELECTRONIC LOCATION AND ACCESS
Materials specified Publisher description
Uniform Resource Identifier <a href="http://www.loc.gov/catdir/enhancements/fy0621/2004555151-d.html">http://www.loc.gov/catdir/enhancements/fy0621/2004555151-d.html</a>
906 ## - LOCAL DATA ELEMENT F, LDF (RLIN)
a 7
b cbc
c origcop
d 3
e ncip
f 20
g y-gencatlg
942 ## - ADDED ENTRY ELEMENTS (KOHA)
Source of classification or shelving scheme Library of Congress Classification
Koha item type Books
Holdings
Withdrawn status Lost status Source of classification or shelving scheme Damaged status Not for loan Home library Current library Date acquired Total checkouts Full call number Barcode Date last seen Date last checked out Price effective from Koha item type
    Library of Congress Classification     Murang'a University of Technology Library Murang'a University of Technology Library 13/01/2017 3 GB54.5 .S77 2005 004025 11/03/2025 26/02/2025 13/01/2017 Books